Dérivée de Fonction usuelle (avec x) - Statistiques

Statistiques générales
  • Ce quiz a été pris 237 fois
  • Le résultat moyen est 9 sur 14
Statistiques - réponses
Hint Réponse % Correct
ax a
93%
k 0
86%
1/x -1/(x^2)
82%
e^x e^x
80%
cos(x) -sin(x)
79%
x^n nx^(x-1)
75%
1/(x^n) -n/(x^n+1)
73%
sin(x) cos(x)
72%
sqrt(x) 1/2sqrt(x)
68%
a^x a^xln(a)
67%
arccos(x) -arcsin(x)
59%
tan(x) 1/cos^2(x)
33%
arctan(x) 1/1+x^2
27%
arcsin(x) 1/sqrt(1-x^2)
20%
Aucun quiz correspondant
Distribution des résultats
% des personnes avec chaque résultat
Percentile par nombre de réponses
Votre historique - résultats
Vous n’avez pas pris ce quiz